| 000 | 01096cam a22003013a 4500 | ||
|---|---|---|---|
| 001 | 1243 | ||
| 003 | PGUSA | ||
| 005 | 20140828082958.0 | ||
| 008 | 980301s1998||||xxu|||||s|||||000 p eng d | ||
| 040 |
_aPGUSA _beng |
||
| 042 | _adc | ||
| 050 | 4 | _aPR | |
| 100 | 1 |
_aMeynell, Alice, _d1847-1922 |
|
| 245 | 1 | 0 |
_aHearts of Controversy _h[electronic resource] / _cAlice Meynell |
| 260 |
_bProject Gutenberg, _c1998 |
||
| 505 | 0 | _aSome thoughts of a reader of Tennyson -- Dickens as a man of letters -- Swinburne's lyrical poetry -- Charlotte and Emily Bronte -- Charmian -- The century of moderation | |
| 506 | _aPublic domain in the USA. | ||
| 516 | _aElectronic text | ||
| 653 | _aDickens, Charles, 1812-1870 | ||
| 653 | _aTennyson, Alfred Tennyson, Baron, 1809-1892 | ||
| 653 | _aEnglish literature -- 19th century -- History and criticism | ||
| 653 | _aSwinburne, Algernon Charles, 1837-1909 | ||
| 653 | _aBrontë, Emily, 1818-1848 | ||
| 653 | _aBrontë, Charlotte, 1816-1855 | ||
| 830 | 0 |
_aProject Gutenberg _v1243 |
|
| 856 | 4 | 0 | _uhttp://www.gutenberg.org/ebooks/1243 |
| 942 | _cEB | ||
| 999 |
_c230591 _d230591 |
||